10 ten most busiest UK stations - Statistics

General Stats
  • This quiz has been taken 24 times
  • The average score is 5 of 10
Answer Stats
Rank Answer % Correct
10. Manchester Piccadilly
77%
7. London Euston
68%
2. London Victoria
68%
1. London Waterloo
68%
6. London Paddington
59%
8. Birmingham New Street
55%
3. London Bridge
50%
4. London Liverpool Street
50%
5. Stratford (London)
18%
9. London Kings Cross
14%
No matching quizzes found
Score Distribution
Percent of People with Each Score
Percentile by Number Answered
Your Score History
You have not taken this quiz